All George Strait Songs - Statistics

General Stats
  • This quiz has been taken 170 times
  • The average score is 49 of 376
Answer Stats
Album Song % Correct
Strait from the Heart Amarillo by Morning
77%
Ocean Front Property Ocean Front Property
75%
Carrying Your Love with Me Carrying Your Love with Me
71%
Here for a Good Time Here for a Good Time
70%
Ocean Front Property All My Ex's Live in Texas
68%
Blue Clear Sky | Strait Out of the Box Check Yes or No
65%
Troubadour Troubadour
65%
Blue Clear Sky Blue Clear Sky
61%
Something Special The Chair
60%
Pure Country I Cross My Heart
58%
If You Ain't Lovin' You Ain't Livin' Baby Blue
56%
Blue Clear Sky I Can Still Make Cheyenne
56%
Does Fort Worth Ever Cross Your Mind The Fireman
55%
Does Fort Worth Ever Cross Your Mind Does Fort Worth Ever Cross Your Mind
54%
Easy Come Easy Go Easy Come, Easy Go
52%
It Just Comes Natural It Just Comes Natural
52%
Always Never the Same Write This Down
49%
The Road Less Traveled Run
45%
Livin' It Up Love Without End, Amen
44%
Honky Tonk Time Machine Every Little Honky Tonk Bar
43%
Strait from the Heart Fool Hearted Memory
42%
It Just Comes Natural Give It Away
42%
Right or Wrong Right or Wrong
42%
Pure Country Heartland
40%
Pure Country Heartland (Main Title Sequence)
40%
If You Ain't Lovin' You Ain't Livin' If You Ain't Lovin' (You Ain't Livin')
39%
Right or Wrong You Look So Good in Love
39%
Honky Tonk Time Machine Honky Tonk Time Machine
38%
Troubadour I Saw God Today
37%
Twang Twang
37%
Strait Country Unwound
37%
Cold Beer Conversation Cold Beer Conversation
36%
Lead On Lead On
35%
Love Is Everything Love Is Everything
33%
Strait from the Heart Marina del Rey
33%
Love Is Everything I Got a Car
32%
Honky Tonk Time Machine The Weight of the Badge
32%
Holding My Own Holding My Own
31%
Does Fort Worth Ever Cross Your Mind The Cowboy Rides Away
31%
Beyond the Blue Neon Ace in the Hole
30%
Always Never the Same Always Never the Same
30%
One Step at a Time One Step at a Time
30%
Somewhere Down in Texas Somewhere Down in Texas
30%
Chill of an Early Fall The Chill of an Early Fall
30%
It Just Comes Natural Wrapped
30%
Beyond the Blue Neon Beyond the Blue Neon
29%
Honkytonkville Honkytonkville
29%
Blue Clear Sky Carried Away
27%
Christmas Time: 15 Holiday Favorites Christmas Cookies
27%
Honky Tonk Time Machine Código
27%
Latest Greatest Straitest Hits Murder on Music Row
27%
Carrying Your Love with Me | The Road Less Traveled She'll Leave You with a Smile
27%
Cold Beer Conversation Take Me to Texas
27%
Somewhere Down in Texas Texas
26%
The Road Less Traveled The Road Less Traveled
26%
One Step at a Time True
26%
Beyond the Blue Neon Baby's Gotten Good at Goodbye
25%
Merry Christmas Wherever You Are Merry Christmas (Wherever You Are)
24%
Carrying Your Love with Me One Night at a Time
24%
One Step at a Time I Just Want to Dance with You
23%
Fresh Cut Christmas Jingle Bells
23%
Strait Country Blame It on Mexico
21%
Pure Country Overnight Male
21%
Pure Country Where the Sidewalk Ends
21%
Chill of an Early Fall If I Know Me
20%
Easy Come Easy Go Lovebug
20%
#7 Nobody in His Right Mind Would've Left Her
20%
Somewhere Down in Texas She Let Herself Go
20%
Pure Country When Did You Stop Loving Me
20%
Pure Country Baby Your Baby
19%
Love Is Everything Give It All We Got Tonight
19%
Strait Country If You're Thinking You Want a Stranger (There's One Coming Home)
19%
50 Number Ones I Hate Everything
19%
Honky Tonk Time Machine Sing One with Willie
19%
The Road Less Traveled Stars on the Water
19%
It Just Comes Natural How 'bout Them Cowgirls
18%
Twang Living for the Night
18%
Merry Christmas Strait to You Merry Christmas Strait to You
18%
Somewhere Down in Texas The Seashores of Old Mexico
18%
Chill of an Early Fall You Know Me Better Than That
18%
Lead On Adalida
17%
Strait from the Heart A Fire I Can't Put Out
17%
Right or Wrong Let's Fall to Pieces Together
17%
Troubadour River of Love
17%
Fresh Cut Christmas Silent Night
17%
Latest Greatest Straitest Hits The Best Day
17%
Pure Country The King of Broken Hearts
17%
Honkytonkville Cowboys Like Us
15%
Honky Tonk Time Machine God and Country Music
15%
Strait from the Heart Honky Tonk Crazy
15%
Strait from the Heart I Can't See Texas from Here
15%
Twang Arkansas Dave
14%
Strait Country Down and Out
14%
Strait Country Friday Night Fever
14%
George Strait Go On
14%
Merry Christmas Wherever You Are Rudolph the Red-Nosed Reindeer
14%
Merry Christmas Strait to You White Christmas
14%
Something Special You're Something Special to Me
14%
Honky Tonk Time Machine Blue Water
13%
Cold Beer Conversation Cheaper Than a Shrink
13%
Strait from the Heart Heartbroke
13%
Livin' It Up I've Come to Expect It from You
13%
Merry Christmas Wherever You Are Jingle Bell Rock
13%
Honky Tonk Time Machine Old Violin
13%
Honky Tonk Time Machine Two More Wishes
13%
Ocean Front Property Am I Blue
12%
Merry Christmas Strait to You Frosty the Snowman
12%
Pure Country Last in Love
12%
The Road Less Traveled Living and Living Well
12%
Chill of an Early Fall Milk Cow Blues
12%
Holding My Own So Much Like My Dad
12%
Easy Come Easy Go The Man in Love with You
12%
Strait from the Heart The Steal of the Night
12%
One Step at a Time We Really Shouldn't Be Doing This
12%
Lead On You Can't Make a Heart Love Somebody
12%
Somewhere Down in Texas You'll Be There
12%
Merry Christmas Strait to You Away in a Manger
11%
Honkytonkville Desperately
11%
If You Ain't Lovin' You Ain't Livin' Famous Last Words of a Fool
11%
Strait Country Honky Tonk Downstairs
11%
Strait from the Heart Lover in Disguise
11%
Chill of an Early Fall Lovesick Blues
11%
Always Never the Same Meanwhile
11%
Carrying Your Love with Me Round About Way
11%
Honky Tonk Time Machine Sometimes Love
11%
Twang The Breath You Take
11%
Merry Christmas Wherever You Are The Christmas Song
11%
Carrying Your Love with Me Today My World Slipped Away
11%
Twang Where Have I Been All My Life
11%
Right or Wrong 80 Proof Bottle of Tear Stopper
10%
Does Fort Worth Ever Cross Your Mind Any Old Time
10%
Live at Texas Stadium Designated Drinker
10%
Cold Beer Conversation Goin' Goin' Gone
10%
Ocean Front Property Hot Burning Flames
10%
Troubadour House with No Doors
10%
Love Is Everything I Believe
10%
#7 It Ain't Cool to Be Crazy About You
10%
Honky Tonk Time Machine Some Nights
10%
Honky Tonk Time Machine Take Me Away
10%
It Just Comes Natural Texas Cookin'
10%
Lead On The Big One
10%
Carrying Your Love with Me The Nerve
10%
Strait from the Heart The Only Thing I Have Left
10%
Pure Country Thoughts of a Fool
10%
Troubadour Brothers of the Highway
8%
#7 Cow Town
8%
Fresh Cut Christmas Deck the Halls
8%
For the Last Time: Live from the Astrodome Deep in the Heart of Texas
8%
Livin' It Up Drinking Champagne
8%
Twang El Rey
8%
Strait Country Every Time You Throw Dirt on Her (You Lose a Little Ground)
8%
Honkytonkville Four Down and Twelve Across
8%
Holding My Own Gone as a Girl Can Get
8%
Strait Country Her Goodbye Hit Me in the Heart
8%
Beyond the Blue Neon Hollywood Squares
8%
Honkytonkville Honk If You Honky Tonk
8%
Troubadour House of Cash
8%
Here for a Good Time Love's Gonna Make It Alright
8%
The Road Less Traveled My Life's Been Grand
8%
Here for a Good Time Poison
8%
Pure Country She Lays It All on the Line
8%
Troubadour West Texas Town
8%
Always Never the Same What Do You Say to That
8%
Honky Tonk Time Machine What Goes Up
8%
Ocean Front Property Without You Here
8%
Does Fort Worth Ever Cross Your Mind You're Dancin' This Dance All Wrong
8%
Always Never the Same 4 Minus 3 Equals Zero
7%
Merry Christmas Wherever You Are All I Want for Christmas (Is My Two Front Teeth)
7%
Twang Beautiful Day for Goodbye
7%
Strait Out of the Box Big Ball's in Cowtown
7%
#7 Deep Water
7%
Here for a Good Time Drinkin' Man
7%
Troubadour Give Me More Time
7%
Twang He's Got That Something Special
7%
Live at Texas Stadium Hey Good Lookin'
7%
Somewhere Down in Texas High Tone Woman
7%
Easy Come Easy Go I'd Like to Have That One Back
7%
Troubadour If Heartaches Were Horses
7%
Strait Country I Get Along with You
7%
Chill of an Early Fall Is It Already Time
7%
Cold Beer Conversation It Takes All Kinds
7%
Cold Beer Conversation It Was Love
7%
Carrying Your Love with Me I've Got a Funny Feeling
7%
Something Special Lefty's Gone
7%
Livin' It Up Lonesome Rodeo Cowboy
7%
Does Fort Worth Ever Cross Your Mind Love Comes from the Other Side of Town
7%
One Step at a Time Maria
7%
Always Never the Same One of You
7%
Cold Beer Conversation Rock Paper Scissors
7%
Merry Christmas Strait to You Santa Claus Is Coming to Town
7%
Strait Country She's Playing Hell Trying to Get Me to Heaven
7%
Livin' It Up Someone Had to Teach You
7%
Cold Beer Conversation Stop and Drink
7%
For the Last Time: Live from the Astrodome Take Me Back to Tulsa
7%
Love Is Everything That's What Breaking Hearts Do
7%
Fresh Cut Christmas We Wish You a Merry Christmas
7%
Beyond the Blue Neon What's Going On in Your World
7%
Love Is Everything When the Credits Roll
7%
One Step at a Time Why Not Now
7%
Merry Christmas Strait to You Winter Wonderland
7%
Cold Beer Conversation Wish You Well
7%
One Step at a Time You Haven't Left Me Yet
7%
Carrying Your Love with Me A Real Good Place to Start
6%
Love Is Everything Blue Melodies
6%
It Just Comes Natural Come On Joe
6%
Something Special Dance Time in Texas
6%
Cold Beer Conversation Everything I See
6%
Somewhere Down in Texas Good News, Bad News
6%
Chill of an Early Fall Her Only Bad Habit Is Me
6%
George Strait Home Improvement
6%
Chill of an Early Fall Home in San Antone
6%
Does Fort Worth Ever Cross Your Mind Honky Tonk Saturday Night
6%
Twang Hot Grease and Zydeco
6%
Blue Clear Sky I'd Just as Soon Go
6%
George Strait If You Can Do Anything Else
6%
Twang I Gotta Get to You
6%
Love Is Everything | Single I Just Can't Go On Dying Like This
6%
Here for a Good Time I'll Always Remember You
6%
#7 I'm Never Gonna Let You Go
6%
Right or Wrong I'm Satisfied with You
6%
Does Fort Worth Ever Cross Your Mind I Need Someone Like Me
6%
Does Fort Worth Ever Cross Your Mind I Should Have Watched That First Step
6%
Strait Out of the Box: Part 2 Kicked Outta Country
6%
Something Special Last Time the First Time
6%
Cold Beer Conversation Let It Go
6%
Honkytonkville My Infinite Love
6%
Merry Christmas Wherever You Are Noel Leon
6%
Twang Out of Sight, Out of Mind
6%
#7 Rhythm of the Road
6%
Twang Same Kind of Crazy
6%
Here for a Good Time Shame On Me
6%
George Strait She Took the Wind from His Sails
6%
Cold Beer Conversation Something Going Down
6%
Honkytonkville Tell Me Something Bad About Tulsa
6%
Carrying Your Love with Me That's Me (Every Chance I Get)
6%
Always Never the Same That's Where I Wanna Take Our Love
6%
George Strait The Night's Just Right for Love
6%
Merry Christmas Strait to You There's a New Kid in Town
6%
Fresh Cut Christmas Up on the Housetop
6%
Livin' It Up We're Supposed to Do that Now and Then
6%
Does Fort Worth Ever Cross Your Mind What Did You Expect Me to Do
6%
Troubadour When You're in Love
6%
Ocean Front Property You Can't Buy Your Way Out of the Blues
6%
Love Is Everything You Don't Know What You're Missing
6%
Something Special You Sure Got This Ol' Redneck Feelin' Blue
6%
Chill of an Early Fall Anything You Can Spare
5%
Here for a Good Time A Showman's Life
5%
Something Special Blue Is Not a Word
5%
Here for a Good Time Blue Marlin Blues
5%
George Strait Don't Make Me Come Over There and Love You
5%
Lead On Down Louisiana Way
5%
Twang Easy as You Go
5%
Right or Wrong Every Time It Rains (Lord Don't It Pour)
5%
Right or Wrong Fifteen Years Going On (And One Night Coming Down)
5%
Livin' It Up Heaven Must Be Wondering Where You Are
5%
Here for a Good Time House Across the Bay
5%
Blue Clear Sky I Ain't Never Seen No One Like You
5%
Honkytonkville I Found Jesus on the Jailhouse Floor
5%
Strait Out of the Box I Know She Still Loves Me
5%
Always Never the Same I Look at You
5%
Ocean Front Property I'm All Behind You Now
5%
Lead On I Met a Friend of Yours Today
5%
Something Special In Too Deep
5%
Holding My Own It's Alright with Me
5%
If You Ain't Lovin' You Ain't Livin' It's Too Late Now
5%
Troubadour It Was Me
5%
Easy Come Easy Go Just Look at Me
5%
Blue Clear Sky King of the Mountain
5%
Beyond the Blue Neon Leavin's Been Comin' (For a Long, Long Time)
5%
Merry Christmas Wherever You Are Let It Snow! Let It Snow! Let It Snow!
5%
George Strait Looking Out My Window Through the Pain
5%
Honkytonkville Look Who's Back from Town
5%
Troubadour Make Her Fall in Love with Me Song
5%
Ocean Front Property My Heart Won't Wander Very Far from You
5%
#7 My Old Flame Is Burnin' Another Honky Tonk Down
5%
Blue Clear Sky Need I Say More
5%
Somewhere Down in Texas Oh, What a Perfect Day
5%
Right or Wrong Our Paths May Never Cross
5%
Always Never the Same Peace of Mind
5%
Somewhere Down in Texas Ready for the End of the World
5%
One Step at a Time Remember the Alamo
5%
Blue Clear Sky Rockin' in the Arms of Your Memory
5%
Ocean Front Property Second Chances
5%
Blue Clear Sky She Knows When You're on My Mind
5%
Livin' It Up She Loves Me (She Don't Love You)
5%
It Just Comes Natural She Told Me So
5%
Honkytonkville She Used to Say That to Me
5%
Love Is Everything Sittin' on the Fence
5%
Easy Come Easy Go Stay out of My Arms
5%
Livin' It Up Stranger in My Arms
5%
One Step at a Time That's the Breaks
5%
Always Never the Same That's the Truth
5%
Here for a Good Time Three Nails and a Cross
5%
Holding My Own Trains Make Me Lonesome
5%
Merry Christmas Strait to You When It's Christmas Time in Texas
5%
Easy Come Easy Go Without Me Around
5%
Carrying Your Love with Me Won't You Come Home (And Talk to a Stranger)
5%
Strait Out of the Box: Part 2 You Gotta Go Through Hell
5%
George Strait You're Stronger Than Me
5%
It Just Comes Natural A Better Rain
4%
It Just Comes Natural A Heart Like Hers
4%
Right or Wrong A Little Heaven's Rubbing Off on Me
4%
Holding My Own All of Me (Loves All of You)
4%
Beyond the Blue Neon Angel, Angelina
4%
Honkytonkville As Far as It Goes
4%
If You Ain't Lovin' You Ain't Livin' Back to Bein' Me
4%
If You Ain't Lovin' You Ain't Livin' Bigger Man Than Me
4%
Somewhere Down in Texas By the Light of a Burning Bridge
4%
If You Ain't Lovin' You Ain't Livin' Don't Mind If I Do
4%
The Road Less Traveled Don't Tell Me You're Not in Love
4%
Blue Clear Sky Do the Right Thing
4%
Cold Beer Conversation Even When I Can't Feel It
4%
Merry Christmas Strait to You For Christ's Sake, It's Christmas
4%
The Road Less Traveled Good Time Charley's
4%
Fresh Cut Christmas Hark, the Herald Angels Sing
4%
Something Special Haven't You Heard
4%
Honkytonkville Heaven Is Missing an Angel
4%
It Just Comes Natural He Must Have Really Hurt You Bad
4%
Single #3 I Don't Want to Talk It Over Anymore
4%
George Strait If It's Gonna Rain
4%
Somewhere Down in Texas If the Whole World Was a Honky Tonk
4%
If You Ain't Lovin' You Ain't Livin' Is It That Time Again
4%
Chill of an Early Fall I've Convinced Everybody but Me
4%
Something Special I've Seen That Look on Me (A Thousand Times)
4%
Fresh Cut Christmas Joy to the World
4%
Here for a Good Time Lone Star Blues
4%
Live at Texas Stadium Margaritaville
4%
One Step at a Time Neon Row
4%
Fresh Cut Christmas O Christmas Tree
4%
Beyond the Blue Neon Oh Me, Oh My, Sweet Baby
4%
Merry Christmas Wherever You Are Old Time Christmas
4%
Beyond the Blue Neon Overnight Success
4%
Merry Christmas Wherever You Are Santa's on His Way
4%
Strait Out of the Box Six Pack to Go
4%
Ocean Front Property Someone's Walkin' Around Upstairs
4%
#7 Stranger Things Have Happened
4%
Single #2 That Don't Change the Way I Feel About You
4%
The Road Less Traveled The Middle of Nowhere
4%
The Road Less Traveled The Real Thing
4%
Beyond the Blue Neon Too Much of Too Little
4%
If You Ain't Lovin' You Ain't Livin' Under These Conditions
4%
Easy Come Easy Go We Must Be Loving Right
4%
Fresh Cut Christmas We Three Kings
4%
Merry Christmas Strait to You What a Merry Christmas This Could Be
4%
It Just Comes Natural What Say
4%
Livin' It Up When You're a Man on Your Own
4%
George Strait Which Side of the Glass
4%
It Just Comes Natural Why Can't I Leave Her Alone
4%
#7 Why'd You Go and Break My Heart
4%
Holding My Own Wonderland of Love
4%
Holding My Own You're Right, I'm Wrong
4%
Right or Wrong You're the Cloud I'm On (When I'm High)
4%
#7 You Still Get to Me
4%
Holding My Own Faults and All
2%
Holding My Own Here We Go Again
2%
It Just Comes Natural I Ain't Her Cowboy Anymore
2%
Lead On I'll Always Be Loving You
2%
Love Is Everything I Thought I Heard My Heart Sing
2%
Strait Out of the Box I Thought I Heard You Calling My Name
2%
Easy Come Easy Go I Wasn't Fooling Around
2%
If You Ain't Lovin' You Ain't Livin' Let's Get Down to It
2%
Lead On Nobody Has to Get Hurt
2%
Lead On No One but You
2%
Fresh Cut Christmas O Come, All Ye Faithful
2%
It Just Comes Natural One Foot in Front of the Other
2%
Live at Texas Stadium Sea of Heartbreak
2%
It Just Comes Natural That's My Kind of Woman
2%
Easy Come Easy Go That's Where My Baby Feels at Home
2%
Love Is Everything The Night Is Young
2%
Lead On What Am I Waiting For
2%
Strait Out of the Box What Would Your Memories Do
2%
Merry Christmas Wherever You Are I Know What I Did for Christmas
1%
Love Is Everything When Love Comes Around Again
1%
No matching quizzes found
Score Distribution
Percent of People with Each Score
Percentile by Number Answered
Your Score History
You have not taken this quiz